Data science and machine learning with R (Record no. 5478)

MARC details
000 -LEADER
fixed length control field 00482nam a2200169Ia 4500
008 - FIXED-LENGTH DATA ELEMENTS--GENERAL INFORMATION
fixed length control field 230917s9999||||xx |||||||||||||| ||und||
020 ## - ISBN
Price RS 595.00
040 ## - CATALOGING SOURCE
-- 5003295
Original cataloging agency VIVEKANANDA LIBRARY
041 ## - Language
-- English
082 ## - DDC NUMBER
Classification number 006.31 T329D
100 ## - MAIN ENTRY--PERSONAL NAME
Personal name Thareja, Reema
245 #0 - TITLE STATEMENT
Title Data science and machine learning with R
260 ## - PUBLICATION, DISTRIBUTION, ETC. (IMPRINT)
Place of publication, distribution, etc Chennai
Name of publisher, distributor, etc McGraw-Hill Education (India)
Date of publication, distribution, etc 2021
300 ## - PHYSICAL DESCRIPTION
Pages xxiii, 472 p.
500 ## - GENERAL NOTE
General note 4533 10/02/2022 APD22/1134019 15/02/2022 Main Budget
942 ## - ADDED ENTRY ELEMENTS (KOHA)
Koha item type Books
Holdings
Withdrawn status Lost status Damaged status Not for loan Location (home branch) Sublocation or collection (holding branch) Date acquired Koha issues (times borrowed) Koha full call number Accession No. Koha date last seen Koha item type
        VIVEKANANDA LIBRARY VIVEKANANDA LIBRARY 27/03/2022 1 006.31 T329D 400629 28/08/2024 Books
        VIVEKANANDA LIBRARY VIVEKANANDA LIBRARY 27/03/2022 3 006.31 T329D 400630 19/05/2025 Books
© Designed and Maintained by Vivekananda Library, MDU Rohtak